00476 a2200169 450000100060000002000060000604000220001210000440003424000280007824500230010630000080012936200090013765000230014694200070016995201130017699900170028962634 a  cAnchieta - Pituba aOliveira, Matheus Celestino Santiago De10aAs sagas de Marcoslpor10aAs sagas de Marcos a1240 a2014 4aLiteratura juvenil cBK 00104070a91.1b91.1d2023-11-21l0oLJ 028.5 O48s OLI SAGp15707/PITr2023-11-21 18:31:11w2023-11-21yBK c62634d62634